01347nam a22002657a 450000100060000000300080000600500170001400800410003103500190007204000260009104100080011708200250012524502580015026000640040830000280047249001360050065000260063665000400066270000300070270000260073283001440075894200120090299900170091495201500093175305BD-RjUL20211209082653.0190214s19721968ii a|||| |||| 00| 0 eng d a(BD-RjUL)75523 aBD-RjULbengcBD-RjUL aeng 223a551.41bPRO 1972 aProceedings of symposium on geomorphology of the Indian shield :bheld in the Department of Post-graduate Studies and Research in Geography in Mysore University, Mysore, on 10 to 12 December 1968 /cgen. ed. S.P. Chatterjee ; eds. R.P. Misra ... [et al. aCalcutta : bNational Committee for Geography, c1968,1972. a63 p. :b ill.;c25 cm. a21th International Geographical Congress =; 21e Congrès Géographique International : India 1968 : [proceedings of the symposia] aGeomorphology9228202 aPhysical geography z India9228203 aChatterjee, S.P. 9228211 aMisra, R.P. 9228212 a21th International Geographical Congress =; 21e Congrès Géographique International : India 1968 : [proceedings of the symposia]9228206 2ddccBK c75305d75305 00102ddc40718NFICaRUCLbRUCLcReadingd1973-09-18eK.P. Bagahi & Co., Calcuttal0o551.41 PRO 1972r2019-02-14 00:00:00tC-1w2019-02-14yBK